000 00426nam a2200193Ia 4500
005 20240823051404.0
008 240823s9999||||xx |||||||||||||| ||und||
020 _a81-264-0179-6
041 _aMALAYALAM
082 _A894.8142 Q3
100 _aGirish Karnad
245 0 _aHayavadana
250 _a1st
260 _c2013
_b"D C Books,Kot"
500 _aYES
650 _aPlay
_bGeneral
942 _cBK
999 _c219478
_d219478